000 00285nam a2200121 a 4500
008 100917s1967|||| d
245 1 0 _aVlnenie jarí a umierania
100 1 _aDesnica, Vladan
260 _aBratislava
_bTatran
_c1967
044 _axo
_cSK
041 _aslo
020 _c19
999 _c10475
_d10475